Inventing Byzantine iconoclasm
Αποθηκεύτηκε σε:
| Κύριος συγγραφέας: | |
|---|---|
| Μορφή: | Βιβλίο |
| Γλώσσα: | English |
| Δημοσίευση: |
London :
Bristol Classical Press,
2012.
|
| Σειρά: | (Studies in early medieval history)
|
| Θέματα: | |
| Ετικέτες: |
Προσθήκη ετικέτας
Δεν υπάρχουν, Καταχωρήστε ετικέτα πρώτοι!
|
MARC
| LEADER | 00000cam a2200000 a 4500 | ||
|---|---|---|---|
| 001 | 1/120425 | ||
| 008 | 191127s2012####uk ||||||| |||| ||eng|| | ||
| 020 | |a 9781853997501 | ||
| 040 | |a GR-MyUa |b gre |c GR-MyUa |e AACR2 | ||
| 041 | 0 | |a eng | |
| 082 | 7 | |a 938.341 |2 (23) | |
| 100 | 1 | |a Brubaker, Leslie. | |
| 245 | 1 | 0 | |a Inventing Byzantine iconoclasm / |c Leslie Brubaker. |
| 260 | |a London : |b Bristol Classical Press, |c 2012. | ||
| 300 | |a 134 σ. ; |c 23 εκ. | ||
| 490 | 0 | |a (Studies in early medieval history) | |
| 650 | 0 | |a Iconoclasm |x Byzantine empire. | |
| 651 | 0 | |a Byzantine Empire |x Church history. | |
| 651 | 0 | |a Byzantine Empire |x Politics and government. | |
| 852 | |a INST |b LESVOS |e 20191127 |h 938.341 BRU |p 005100062950 |q 005100062950 |t BK |y 0 | ||
| 920 | |a ΠΜΣ Κοινωνική και Ιστορική Ανθρωπολογία |y Λέσβος |z 2019-11 | ||
| 970 | |a Δημάκη |b Μαρία |z 27-11-2019 | ||